000 00912nam a2200121Ia 4500
008 220620s9999||||xx |||||||||||||| ||und||
100 _aBüchl, Marco
245 0 _aDogface Soldiers.
_bThe Infantry Riflemen of the Army of the United States, and the war against Hitlers Wehrmacht in the Mediterranean and Northwestern Europe.
546 _aEnglish[eng]
650 _aWorld War II||Army of the United States||Infantry Riflemen||European Theater of Operations||Mediterranean Theater of Operations||Bill Mauldin||Cartoons||Willie & Joe||Zweiter Weltkrieg||US Army||Infanterie||Frontsoldaten||Bill Mauldin||Cartoons||Nordwesteuropa||Mittelmeerraum||Willie & Joe||Dogface (military)
856 _uhttps://library.oapen.org/bitstream/20.500.12657/32131/1/617073.pdf||https://library.oapen.org/bitstream/20.500.12657/32131/1/617073.pdf||https://library.oapen.org/bitstream/20.500.12657/32131/1/617073.pdf
942 _cEB
999 _c29416
_d29416